Personnes au générique de Sonic VS Micro-ondes - Statistiques

Statistiques générales
  • Ce quiz a été pris 6 fois
  • Le résultat moyen est 12 sur 14
Statistiques - réponses
Rôle Personne % Correct
Texte Djangg
100%
Voix Djangg
100%
Montage Djangg
100%
Miniature Djangg
100%
Fond actuel Fusette
100%
Inspiration Fusette
100%
Kaizen Inoxtag
100%
Prod Kustom
100%
Mix Plasfa
100%
Aide au texte Plasfa
100%
Inspiration Zen
100%
Inspiration Das Raizer
50%
Inspiration Deadmoon
50%
Inspiration Lamanif
25%
Aucun quiz correspondant
Distribution des résultats
% des personnes avec chaque résultat
Percentile par nombre de réponses
Votre historique - résultats
Vous n’avez pas pris ce quiz